<?xml version="1.0" encoding="UTF-8"?>
<record
    xmlns:xsi="http://www.w3.org/2001/XMLSchema-instance"
    xsi:schemaLocation="http://www.loc.gov/MARC21/slim http://www.loc.gov/standards/marcxml/schema/MARC21slim.xsd"
    xmlns="http://www.loc.gov/MARC21/slim">

  <leader>01365    a2200205   4500</leader>
  <controlfield tag="003">OSt </controlfield>
  <controlfield tag="005">20241221160115.0</controlfield>
  <controlfield tag="008">241122b        |||||||| |||| 00| 0 eng d</controlfield>
  <datafield tag="020" ind1=" " ind2=" ">
    <subfield code="a">9788189966683</subfield>
  </datafield>
  <datafield tag="041" ind1=" " ind2=" ">
    <subfield code="d">Eng.</subfield>
  </datafield>
  <datafield tag="082" ind1=" " ind2=" ">
    <subfield code="a">610.73072/ARY</subfield>
  </datafield>
  <datafield tag="100" ind1=" " ind2=" ">
    <subfield code="a">Arya, Sandeep</subfield>
    <subfield code="9">209089</subfield>
  </datafield>
  <datafield tag="245" ind1=" " ind2=" ">
    <subfield code="a">Professionalism Professional Values &amp; Ethics Including Bioethics</subfield>
  </datafield>
  <datafield tag="250" ind1=" " ind2=" ">
    <subfield code="a">1</subfield>
  </datafield>
  <datafield tag="260" ind1=" " ind2=" ">
    <subfield code="b">Frontline Publication</subfield>
    <subfield code="c">2023</subfield>
    <subfield code="a">Hyderabad</subfield>
  </datafield>
  <datafield tag="300" ind1=" " ind2=" ">
    <subfield code="a">174 Pg.</subfield>
  </datafield>
  <datafield tag="500" ind1=" " ind2=" ">
    <subfield code="a"> caring, compassion, empathy, integrity, privacy, confidentiality, honesty, human dignity, and loyalty,Competence. As a professional, you get the job done &#x2013; and done well. ...
Knowledge. Professionalism involves developing detailed, up-to-date knowledge, which is often highly specialized . ...
Conscientiousness. ...
Integrity. ...
Respect. ...
Emotional Intelligence. ...
Appropriateness. ...
Confidence,Bioethics is the study of ethical, social, and legal issues that arise in biomedicine and biomedical research,Professional ethics are principles that govern the behaviour of a person or group in a business environment,ethics refers to well-founded standards of right and wrong that prescribe what humans ought to do, usually in terms of rights, obligations, benefits to society, fairness, or specific virtues.</subfield>
  </datafield>
  <datafield tag="650" ind1=" " ind2=" ">
    <subfield code="a">Fundamental of Nursing</subfield>
    <subfield code="9">206574</subfield>
  </datafield>
  <datafield tag="942" ind1=" " ind2=" ">
    <subfield code="2">ddc</subfield>
    <subfield code="c">BK</subfield>
  </datafield>
  <datafield tag="999" ind1=" " ind2=" ">
    <subfield code="c">362194</subfield>
    <subfield code="d">362194</subfield>
  </datafield>
  <datafield tag="952" ind1=" " ind2=" ">
    <subfield code="0">0</subfield>
    <subfield code="1">0</subfield>
    <subfield code="2">ddc</subfield>
    <subfield code="4">0</subfield>
    <subfield code="7">0</subfield>
    <subfield code="a">SNCN</subfield>
    <subfield code="b">SNCN</subfield>
    <subfield code="d">2024-11-21</subfield>
    <subfield code="e">29</subfield>
    <subfield code="g">310.50</subfield>
    <subfield code="l">1</subfield>
    <subfield code="o">610.73072/ARY</subfield>
    <subfield code="p">SNCN-BK-3473</subfield>
    <subfield code="r">2025-06-24 00:00:00</subfield>
    <subfield code="s">2025-02-28</subfield>
    <subfield code="v">450.00</subfield>
    <subfield code="w">2024-11-21</subfield>
    <subfield code="y">BK</subfield>
    <subfield code="z">3473</subfield>
  </datafield>
  <datafield tag="952" ind1=" " ind2=" ">
    <subfield code="0">0</subfield>
    <subfield code="1">0</subfield>
    <subfield code="2">ddc</subfield>
    <subfield code="4">0</subfield>
    <subfield code="7">0</subfield>
    <subfield code="a">SNCN</subfield>
    <subfield code="b">SNCN</subfield>
    <subfield code="d">2024-11-21</subfield>
    <subfield code="e">29</subfield>
    <subfield code="g">310.50</subfield>
    <subfield code="l">1</subfield>
    <subfield code="o">610.73072/ARY</subfield>
    <subfield code="p">SNCN-BK-3471</subfield>
    <subfield code="r">2025-05-08 00:00:00</subfield>
    <subfield code="s">2025-05-07</subfield>
    <subfield code="v">450.00</subfield>
    <subfield code="w">2024-11-21</subfield>
    <subfield code="y">BK</subfield>
    <subfield code="z">3471</subfield>
  </datafield>
  <datafield tag="952" ind1=" " ind2=" ">
    <subfield code="0">0</subfield>
    <subfield code="1">0</subfield>
    <subfield code="2">ddc</subfield>
    <subfield code="4">0</subfield>
    <subfield code="7">0</subfield>
    <subfield code="a">SNCN</subfield>
    <subfield code="b">SNCN</subfield>
    <subfield code="d">2024-11-21</subfield>
    <subfield code="e">29</subfield>
    <subfield code="g">310.50</subfield>
    <subfield code="l">0</subfield>
    <subfield code="o">610.73072/ARY</subfield>
    <subfield code="p">SNCN-BK-3469</subfield>
    <subfield code="r">2024-11-21 00:00:00</subfield>
    <subfield code="v">450.00</subfield>
    <subfield code="w">2024-11-21</subfield>
    <subfield code="y">BK</subfield>
    <subfield code="z">3469</subfield>
  </datafield>
  <datafield tag="952" ind1=" " ind2=" ">
    <subfield code="0">0</subfield>
    <subfield code="1">0</subfield>
    <subfield code="2">ddc</subfield>
    <subfield code="4">0</subfield>
    <subfield code="7">0</subfield>
    <subfield code="a">SNCN</subfield>
    <subfield code="b">SNCN</subfield>
    <subfield code="d">2024-11-21</subfield>
    <subfield code="e">29</subfield>
    <subfield code="g">310.50</subfield>
    <subfield code="l">1</subfield>
    <subfield code="o">610.73072/ARY</subfield>
    <subfield code="p">SNCN-BK-3470</subfield>
    <subfield code="r">2025-03-19 00:00:00</subfield>
    <subfield code="s">2025-03-06</subfield>
    <subfield code="v">450.00</subfield>
    <subfield code="w">2024-11-21</subfield>
    <subfield code="y">BK</subfield>
    <subfield code="z">3470</subfield>
  </datafield>
  <datafield tag="952" ind1=" " ind2=" ">
    <subfield code="0">0</subfield>
    <subfield code="1">0</subfield>
    <subfield code="2">ddc</subfield>
    <subfield code="4">0</subfield>
    <subfield code="7">0</subfield>
    <subfield code="a">SNCN</subfield>
    <subfield code="b">SNCN</subfield>
    <subfield code="d">2024-11-21</subfield>
    <subfield code="e">29</subfield>
    <subfield code="g">310.50</subfield>
    <subfield code="l">0</subfield>
    <subfield code="o">610.73072/ARY</subfield>
    <subfield code="p">SNCN-BK-3472</subfield>
    <subfield code="r">2024-11-21 00:00:00</subfield>
    <subfield code="v">450.00</subfield>
    <subfield code="w">2024-11-21</subfield>
    <subfield code="y">BK</subfield>
    <subfield code="z">3472</subfield>
  </datafield>
</record>
